LEADER 00776nam0-22003131i-450- 001 990003280040403321 005 20001010 035 $a000328004 035 $aFED01000328004 035 $a(Aleph)000328004FED01 035 $a000328004 100 $a20000920d1964----km-y0itay50------ba 101 0 $aita 105 $ay-------001yy 200 1 $aSCOPERTA DELL'AFRICA 205 $a1 210 $aMilano$cArnoldo Mondadori$d1964 215 $app.153 610 0 $aAfrica Generale 676 $a136.001 700 1$aSterling,$bThomas$060395 801 0$aIT$bUNINA$gRICA$2UNIMARC 901 $aBK 912 $a990003280040403321 952 $a136.001.STE.02$b35927$fDECGE 959 $aDECGE 996 $aSCOPERTA DELL'AFRICA$9451344 997 $aUNINA DB $aING01 LEADER 03332nam 2200601 450 001 9910780598303321 005 20240209191139.0 010 $a9780585492522 010 $a0585492522 010 $a9789289014014 010 $a9289014016 035 $a(OCoLC)54448727$z(OCoLC)191891756 035 $a(EXLCZ)99111087028332594 100 $a20150928h20032003 uy 0 101 0 $aeng 135 $aurcn#|||mna|a 181 $ctxt$2rdacontent 182 $cc$2rdamedia 183 $acr$2rdacarrier 200 04$aThe solid facts /$fedited by Richard Wilkinson and Micheal Marmot 205 $aSecond edition 210 1$aCopenhagen, Denmark :$cWorld Health Organization Regional Office for Europe,$d[2003]. 210 4$dİ2003 215 $a1 online resource (31 pages, 1 unnumbered page) $cillustrations (chiefly colour), charts, photographs 300 $a"Social determinants of health"--Page 1 of cover. 300 $a"Healthy Cities 21 Century. International Centre for Health and Society"--Page 1 of cover. 311 0 $a92-890-1371-0 320 $aIncludes bibliographical references. 327 $aIntroduction -- 1. The social gradient -- 2. Stress -- 3. Early life -- 4. Social exclusion -- 5. Work -- 6. Unemployment -- 7. Social support -- 8. Addiction -- 9. Food -- 10. Transport -- WHO and other important sources. 330 $a"Poorer people live shorter lives and are more often ill than the rich. This disparity has drawn attention to the remarkable sensitivity of health to the social environment. This publication examines this social gradient in health, and explains how psychological and social influences affect physical health and longevity. It then looks at what is known about the most important social determinants of health today, and the role that public policy can play in shaping a social environment that is more conducive to better health. This second edition relies on the most up-to-date sources in its selection and description of the main social determinants of health in our society today. Key research sources are given for each: stress, early life, social exclusion, working conditions, unemployment, social support, addiction, healthy food and transport policy. Policy and action for health need to address the social determinants of health, attacking the causes of ill health before they can lead to problems. This is a challenging task for both decision-makers and public health actors and advocates. This publication provides the facts and the policy options that will enable them to act."--Provided by publisher. 517 3 $aSocial determinants of health :$ethe solid facts 606 $aHealth$xSocial aspects 606 $aPublic health$xSocial aspects 606 $aSocial medicine 606 $aMedical policy 606 $aHealth Policy 615 0$aHealth$xSocial aspects. 615 0$aPublic health$xSocial aspects. 615 0$aSocial medicine. 615 0$aMedical policy. 615 12$aHealth Policy. 676 $a362.107 702 $aWilkinson$b Richard G. 702 $aMarmot$b Micheal$f1945- 702 $aBartley$b Mel 801 0$bMiAaPQ 801 1$bMiAaPQ 801 2$bMiAaPQ 801 2$bPUL 801 2$bCaOWtU 912 $a9910780598303321 996 $aThe solid facts$93750351 997 $aUNINA